[Event "Vesterhavsturneringen 2004"]
[Site "Esbjerg"]
[Date "2004.07.10"]
[Round "9"]
[White "Leutenberger, Kevin"]
[Black "Larsen, Peter Elkjaer"]
[Result "0-1"]
[WhiteElo "1669"]
[BlackElo "1901"]
[PlyCount "66"]
[EventDate "2004.??.??"]
[EventType "swiss"]
[EventRounds "9"]
[EventCountry "DEN"]

1. e4 c5 2. d4 cxd4 3. c3 dxc3 4. Nxc3 d6 5. Nf3 a6 6. a4 Bg4 7. Bc4 e6 8. O-O
Be7 9. Bf4 Nf6 10. Bxd6 Qxd6 11. Qxd6 Bxd6 12. e5 Bxf3 13. exd6 Bc6 14. b4 Nbd7
15. b5 Be4 16. Rfe1 Bf5 17. Nd5 Nxd5 18. Bxd5 Rb8 19. bxa6 bxa6 20. Bc6 Rd8 21.
Rac1 O-O 22. Red1 Ne5 23. Bb7 Nd3 24. Rc3 Rxd6 25. g4 Bg6 26. h4 h6 27. f4 Rfd8
28. Rc6 Rxc6 29. Bxc6 Rd4 30. h5 Bh7 31. Rb1 Nb4 32. Rc1 Rxf4 33. Bf3 Bc2 0-1

[Event "Vesterhavsturneringen 2004"]
[Site "Esbjerg"]
[Date "2004.07.10"]
[Round "9"]
[White "Lindgaard, Tobias Simon"]
[Black "Jorgensen, Miki Worm"]
[Result "0-1"]
[WhiteElo "1000"]
[BlackElo "1333"]
[PlyCount "46"]
[EventDate "2004.??.??"]
[EventType "swiss"]
[EventRounds "9"]
[EventCountry "DEN"]

1. Nf3 d6 2. c4 e5 3. Nc3 Nf6 4. g3 Bg4 5. Bg2 c6 6. d3 Be7 7. h3 Be6 8. O-O
Qc8 9. Ng5 O-O 10. Nxe6 Qxe6 11. e4 Nbd7 12. Be3 Ne8 13. Qc2 f5 14. f3 f4 15.
gxf4 exf4 16. Bd4 Bh4 17. Ne2 Qh6 18. Rae1 Bxe1 19. Rxe1 Nef6 20. Bc3 Nh5 21.
Bd2 Qg6 22. Qc1 Ne5 23. Qc3 Nxf3+ 0-1

[Event "Vesterhavsturneringen 2004"]
[Site "Esbjerg"]
[Date "2004.07.10"]
[Round "9"]
[White "Madsen, Simon Rise"]
[Black "Porsgaard, Per Lykke"]
[Result "1-0"]
[WhiteElo "1250"]
[BlackElo "1462"]
[PlyCount "57"]
[EventDate "2004.??.??"]
[EventType "swiss"]
[EventRounds "9"]
[EventCountry "DEN"]

1. e4 c5 2. Nf3 g6 3. Bc4 Nc6 4. O-O Bg7 5. Nc3 d6 6. d3 Nf6 7. Bg5 O-O 8. Re1
Bg4 9. h3 Bxf3 10. Qxf3 Ne5 11. Qf4 Nxc4 12. dxc4 Nh5 13. Qe3 h6 14. Bxh6 e5
15. Rad1 f5 16. Nb5 f4 17. Qf3 Bxh6 18. Rxd6 Qg5 19. Nc7 Ng7 20. Nxa8 Rxa8 21.
Rd7 b6 22. Red1 Ne6 23. g3 Nd4 24. Qd3 f3 25. c3 Ne2+ 26. Kf1 Nxg3+ 27. fxg3
Qxg3 28. Qd5+ Kh8 29. Qxa8+ 1-0

[Event "Vesterhavsturneringen 2004"]
[Site "Esbjerg"]
[Date "2004.07.10"]
[Round "9"]
[White "Munch, Anders J"]
[Black "Storgaard, Morten Swayne"]
[Result "1-0"]
[WhiteElo "1840"]
[BlackElo "1505"]
[PlyCount "75"]
[EventDate "2004.??.??"]
[EventType "swiss"]
[EventRounds "9"]
[EventCountry "DEN"]

1. e4 e6 2. d4 d5 3. Nc3 dxe4 4. Nxe4 Nf6 5. Nxf6+ Qxf6 6. Nf3 h6 7. Bd3 Nd7 8.
Qe2 Bd6 9. O-O O-O 10. Qe4 Re8 11. g4 Nf8 12. Kh1 Bd7 13. g5 hxg5 14. Bxg5 Qf5
15. Qxb7 Qh3 16. Rg1 f5 17. Ne5 Rab8 18. Bf6 g6 19. Qg2 Qxg2+ 20. Kxg2 Bxe5 21.
Bxe5 Rxb2 22. Bxc7 Ba4 23. Bf4 Bxc2 24. Bc1 Rxa2 25. Rxa2 Bxd3 26. Rxa7 Bb5 27.
Kf3 Rd8 28. Bb2 Rd5 29. h4 Bc6 30. Rc7 Ba8 31. Ke3 Rb5 32. Bc3 Rd5 33. Ba1 f4+
34. Ke2 Rd8 35. d5 e5 36. Bxe5 Re8 37. Rg7+ Kh8 38. Re7+ 1-0

[Event "Vesterhavsturneringen 2004"]
[Site "Esbjerg"]
[Date "2004.07.10"]
[Round "9"]
[White "Nielsen, Henrik Lindholt"]
[Black "Carlstedt, Jonathan"]
[Result "1/2-1/2"]
[WhiteElo "1839"]
[BlackElo "2009"]
[PlyCount "48"]
[EventDate "2004.??.??"]
[EventType "swiss"]
[EventRounds "9"]
[EventCountry "DEN"]

1. d4 d5 2. Nf3 c6 3. Bf4 Nf6 4. e3 g6 5. Nbd2 Bg7 6. Be2 O-O 7. h3 Re8 8. O-O
Nbd7 9. c4 c5 10. Rc1 b6 11. Ne5 Bb7 12. Bf3 cxd4 13. exd4 Nxe5 14. dxe5 Nd7
15. Re1 Nc5 16. Qe2 Ne6 17. Bg3 Nd4 18. Qd3 dxc4 19. Qxc4 Rc8 20. Qf1 Nxf3+ 21.
Nxf3 Bxf3 22. gxf3 Qd5 23. Rxc8 Rxc8 24. Qa6 Qd7 1/2-1/2

[Event "Vesterhavsturneringen 2004"]
[Site "Esbjerg"]
[Date "2004.07.10"]
[Round "9"]
[White "Nielsen, Marianne Izaura"]
[Black "Dorup, Ivar"]
[Result "1/2-1/2"]
[WhiteElo "1617"]
[BlackElo "1690"]
[PlyCount "50"]
[EventDate "2004.??.??"]
[EventType "swiss"]
[EventRounds "9"]
[EventCountry "DEN"]

1. e4 e6 2. d4 d5 3. e5 c5 4. c3 a6 5. Nf3 Nc6 6. b3 cxd4 7. cxd4 Qb6 8. Be3
Bd7 9. Be2 Rc8 10. O-O Nge7 11. Na3 Nf5 12. Nc2 Be7 13. g4 Nb4 14. Nxb4 Qxb4
15. Rc1 O-O 16. Kh1 Rxc1 17. Qxc1 Rc8 18. Qb1 Bb5 19. Bxb5 Qxb5 20. Rc1 Rc6 21.
Rxc6 bxc6 22. Qd1 c5 23. Kg2 c4 24. Qc2 Qb4 25. h4 Qb5 1/2-1/2

[Event "Vesterhavsturneringen 2004"]
[Site "Esbjerg"]
[Date "2004.07.10"]
[Round "9"]
[White "Pedersen, Christian Kyndel"]
[Black "Sedlak, Nikola"]
[Result "0-1"]
[WhiteElo "2366"]
[BlackElo "2519"]
[PlyCount "96"]
[EventDate "2004.??.??"]
[EventType "swiss"]
[EventRounds "9"]
[EventCountry "DEN"]

1. Nf3 e6 2. c4 b6 3. g3 Bb7 4. Bg2 f5 5. O-O Nf6 6. d3 g6 7. e4 fxe4 8. Ng5
Nc6 9. Nxe4 Nxe4 10. Bxe4 Bg7 11. Nc3 Qf6 12. h4 h6 13. d4 Qxd4 14. Qxd4 Bxd4
15. Bxg6+ Ke7 16. Be4 Bxc3 17. bxc3 Na5 18. Re1 Raf8 19. Bf4 d6 20. Bd5 Bc8 21.
c5 bxc5 22. Rab1 Bd7 23. Re2 e5 24. Bd2 Bg4 25. Ree1 Bf3 26. c4 Bxd5 27. Bxa5
Bxc4 28. Bxc7 Kd7 29. Ba5 Kc6 30. a3 Rf3 31. Re3 Rhf8 32. Rxf3 Rxf3 33. Bd2 h5
34. Be3 Rf8 35. f4 e4 36. Kf2 Bd3 37. Rc1 Rg8 38. Bd2 Kd5 39. Bc3 Ke6 40. Re1
d5 41. Be5 d4 42. Rg1 Kd5 43. g4 e3+ 44. Ke1 Rg6 45. Bc7 Rg7 46. Ba5 Rb7 47.
Bb4 cxb4 48. a4 b3 0-1

[Event "Vesterhavsturneringen 2004"]
[Site "Esbjerg"]
[Date "2004.07.10"]
[Round "9"]
[White "Pedersen, Lars Wisler"]
[Black "Nielsen, Erling Moller"]
[Result "0-1"]
[WhiteElo "1704"]
[BlackElo "2034"]
[PlyCount "66"]
[EventDate "2004.??.??"]
[EventType "swiss"]
[EventRounds "9"]
[EventCountry "DEN"]

1. e4 e6 2. Nf3 d5 3. exd5 exd5 4. d4 Nf6 5. Bd3 c5 6. Bb5+ Bd7 7. Qe2+ Be7 8.
dxc5 O-O 9. Bxd7 Nbxd7 10. Bg5 Nxc5 11. O-O Re8 12. Nc3 h6 13. Bh4 Nfe4 14.
Bxe7 Nxc3 15. Qd2 Rxe7 16. Qxc3 Ne4 17. Qd4 Rc8 18. c3 b6 19. Nd2 Nc5 20. Rfe1
Ne6 21. Qh4 Qd6 22. Nf3 Rc4 23. Nd4 Ng5 24. f4 Rxe1+ 25. Rxe1 Ne4 26. Nf5 Qc5+
27. Nd4 Rxd4 28. cxd4 Qxd4+ 29. Kh1 g5 30. fxg5 Nf2+ 31. Qxf2 Qxf2 32. Rd1 d4
33. Rc1 d3 0-1

[Event "Vesterhavsturneringen 2004"]
[Site "Esbjerg"]
[Date "2004.07.10"]
[Round "9"]
[White "Petersen, Martin Reib"]
[Black "Stephensen, Mikkel"]
[Result "1/2-1/2"]
[WhiteElo "1783"]
[BlackElo "1648"]
[PlyCount "63"]
[EventDate "2004.??.??"]
[EventType "swiss"]
[EventRounds "9"]
[EventCountry "DEN"]

1. d4 f5 2. Nc3 d5 3. Nf3 e6 4. Bf4 Nf6 5. e3 Nbd7 6. Nb5 Bb4+ 7. c3 Ba5 8. Qa4
Bb6 9. c4 c6 10. Nd6+ Ke7 11. c5 Bc7 12. Bd3 h6 13. Nh4 Nf8 14. Be5 g5 15. Nf3
Rg8 16. h3 Ng6 17. b4 Ne8 18. Nxc8+ Qxc8 19. Bxc7 Qxc7 20. Qc2 Nf6 21. g4 Ne4
22. Bxe4 fxe4 23. Nd2 Raf8 24. a4 Nh4 25. Ke2 Rf6 26. b5 Rgf8 27. Raf1 Ke8 28.
Qb3 Qa5 29. Rh2 Qc7 30. Rhh1 Qa5 31. Rh2 Qc7 32. Rhh1 1/2-1/2

[Event "Vesterhavsturneringen 2004"]
[Site "Esbjerg"]
[Date "2004.07.10"]
[Round "9"]
[White "Poulsen, Iver"]
[Black "Hartvig, Ove Weiss"]
[Result "0-1"]
[WhiteElo "2084"]
[BlackElo "2212"]
[PlyCount "88"]
[EventDate "2004.??.??"]
[EventType "swiss"]
[EventRounds "9"]
[EventCountry "DEN"]

1. e4 c5 2. Nf3 d6 3. d4 cxd4 4. Nxd4 Nf6 5. Nc3 g6 6. Be3 Bg7 7. f3 O-O 8. Qd2
Nc6 9. Bc4 Bd7 10. O-O-O Rc8 11. Bb3 Ne5 12. Kb1 Nc4 13. Bxc4 Rxc4 14. Nb3 Qc7
15. Bd4 Be6 16. g4 Rc8 17. h4 b5 18. Nxb5 Qb7 19. Na3 Ra4 20. Qh2 Bxb3 21. axb3
Nxg4 22. Qg1 Rxd4 23. Rxd4 Bxd4 24. Qxd4 Ne5 25. Rf1 h5 26. f4 Ng4 27. Nc4 Qc7
28. f5 Qc5 29. Qd2 Kg7 30. fxg6 fxg6 31. Qf4 Nf6 32. Re1 Rf8 33. e5 Ng4 34. Qg3
d5 35. Na3 e6 36. c3 Qf2 37. Qxf2 Rxf2 38. Nb5 g5 39. hxg5 h4 40. Nxa7 h3 41.
Nc6 Nh2 42. Nd4 Rf1 43. Rxf1 Nxf1 44. Nf3 Nd2+ 0-1

[Event "Vesterhavsturneringen 2004"]
[Site "Esbjerg"]
[Date "2004.07.10"]
[Round "9"]
[White "Rendboe, John Filip"]
[Black "Leimand, Peter Martin"]
[Result "1/2-1/2"]
[WhiteElo "2235"]
[BlackElo "2074"]
[PlyCount "53"]
[EventDate "2004.??.??"]
[EventType "swiss"]
[EventRounds "9"]
[EventCountry "DEN"]

1. d4 d5 2. c4 e6 3. Nc3 Nf6 4. Bg5 Be7 5. e3 O-O 6. Nf3 b6 7. Rc1 Bb7 8. cxd5
Nxd5 9. Bxe7 Qxe7 10. Bd3 g6 11. O-O Rd8 12. Ne5 c5 13. Nxd5 Rxd5 14. Be4 Rd8
15. Qf3 Bxe4 16. Qxe4 Na6 17. Rfd1 Rac8 18. Qf3 Rd6 19. a3 Rc7 20. Qe2 Nb8 21.
dxc5 Rxc5 22. Rxc5 Rxd1+ 23. Qxd1 Qxc5 24. Qd8+ Kg7 25. Nd3 Nc6 26. Nxc5 Nxd8
27. Ne4 1/2-1/2

[Event "Vesterhavsturneringen 2004"]
[Site "Esbjerg"]
[Date "2004.07.10"]
[Round "9"]
[White "Schandorff, Lars"]
[Black "Jakobsen, Ole"]
[Result "1/2-1/2"]
[WhiteElo "2505"]
[BlackElo "2379"]
[PlyCount "33"]
[EventDate "2004.??.??"]
[EventType "swiss"]
[EventRounds "9"]
[EventCountry "DEN"]

1. Nf3 d5 2. d4 Nf6 3. c4 e6 4. Nc3 Nbd7 5. Bf4 dxc4 6. e3 Bb4 7. Bxc4 Nd5 8.
Rc1 Bxc3+ 9. bxc3 Nxf4 10. exf4 O-O 11. O-O c5 12. Bd3 Qc7 13. f5 exf5 14. Bxf5
Nf6 15. Bb1 Rd8 16. Qd3 h6 17. Rfe1 1/2-1/2

[Event "Vesterhavsturneringen 2004"]
[Site "Esbjerg"]
[Date "2004.07.10"]
[Round "9"]
[White "Skytte, Rasmus"]
[Black "Nielsen, Nicholas Roland"]
[Result "1-0"]
[WhiteElo "2403"]
[BlackElo "2176"]
[PlyCount "77"]
[EventDate "2004.??.??"]
[EventType "swiss"]
[EventRounds "9"]
[EventCountry "DEN"]

1. e4 c5 2. Nf3 Nc6 3. c3 Qa5 4. Bc4 Nf6 5. d3 e6 6. Bb3 d5 7. Qe2 Be7 8. O-O
O-O 9. Bg5 dxe4 10. dxe4 Qc7 11. Re1 b6 12. e5 Nd5 13. Qe4 Bb7 14. Bc2 g6 15.
Qh4 Nxe5 16. Rxe5 f6 17. Rxd5 Bxd5 18. Be3 Bxf3 19. gxf3 Rad8 20. Na3 Rd5 21.
f4 c4 22. Qh3 f5 23. Re1 Bf6 24. Bd1 e5 25. fxe5 Rxe5 26. f4 Rd5 27. Bf3 Ra5
28. Qg2 Rd8 29. Nc2 Bh4 30. Rf1 Qe7 31. Qe2 b5 32. Nb4 Qc7 33. Nc6 Rxa2 34.
Nxd8 Qxd8 35. Bd4 Ra6 36. Bc5 Bf6 37. Rd1 Qc7 38. Qe8+ Kg7 39. Qf8# 1-0

[Event "Vesterhavsturneringen 2004"]
[Site "Esbjerg"]
[Date "2004.07.10"]
[Round "9"]
[White "Svendsen, Mads O"]
[Black "Jacobsen, Per"]
[Result "1-0"]
[WhiteElo "1744"]
[BlackElo "1570"]
[PlyCount "83"]
[EventDate "2004.??.??"]
[EventType "swiss"]
[EventRounds "9"]
[EventCountry "DEN"]

1. e4 d6 2. d4 Nf6 3. Bd3 g6 4. c3 Bg7 5. Nf3 Nbd7 6. O-O O-O 7. e5 dxe5 8.
dxe5 Ng4 9. e6 fxe6 10. Qe2 Nde5 11. Nxe5 Nxe5 12. Bc2 Qd6 13. h4 h5 14. f3 b6
15. Bxg6 Nxg6 16. Qe4 e5 17. Qxa8 Ba6 18. Qe4 Bxf1 19. Kxf1 Qd1+ 20. Qe1 Qxe1+
21. Kxe1 Nxh4 22. Bg5 Bf6 23. Bxh4 Bxh4+ 24. Ke2 e4 25. Nd2 exf3+ 26. Nxf3 Bf6
27. Rh1 h4 28. Nxh4 Bxh4 29. Rxh4 Rf7 30. Rg4+ Rg7 31. Rxg7+ Kxg7 32. Ke3 Kf6
33. Ke4 e6 34. g3 c6 35. a3 c5 36. Kf4 b5 37. Ke4 c4 38. Kf4 a6 39. Ke4 a5 40.
Kf4 e5+ 41. Ke4 Ke6 42. g4 1-0

[Event "Vesterhavsturneringen 2004"]
[Site "Esbjerg"]
[Date "2004.07.10"]
[Round "9"]
[White "Wilton, Lars"]
[Black "Hagesaether, Torill"]
[Result "1/2-1/2"]
[WhiteElo "2125"]
[BlackElo "1980"]
[PlyCount "40"]
[EventDate "2004.??.??"]
[EventType "swiss"]
[EventRounds "9"]
[EventCountry "DEN"]

1. c4 e5 2. Nc3 Nc6 3. Nf3 Bc5 4. e3 Nf6 5. d4 exd4 6. exd4 Bb4 7. d5 Qe7+ 8.
Be2 Ne5 9. O-O Bxc3 10. bxc3 O-O 11. Be3 d6 12. Rb1 b6 13. Nd4 Bg4 14. h3 Bxe2
15. Qxe2 Ne4 16. Rbc1 Rfe8 17. Rfe1 Nc5 18. Rcd1 Ne4 19. Rc1 Nc5 20. Rcd1 Ne4
1/2-1/2